000 00379nab a22001097u 4500
008 130520b2009 xxu||||| |||| 00| 0 spa d
041 _aspa
100 1 _aÁlvarez de los Mozos, Patxi
_970697
245 0 0 _aUn paseo por las fronteras de nuestra aldea global
_cPatxi Álvarez De Los Mozos
773 0 _tSal Terrae
_gV.97, nº1133,2009,págs. 275-286
_x0211-4569
_wRev410
942 _cAR
999 _c409607
_d409607